000 01120 a2200169 4500
003 Nust
005 20230123095504.0
040 _cNust
082 _a370.95491,RAH
245 _aUnpleasant essays: education and politics in Pakistan /
_cTariq Rahman
250 _a1st
260 _aLahore
_bVanguard Books (Pvt) Ltd
_c2000
300 _a225 p.
505 _aPartition theory and practice (Page-1), Are Pakistanis liars (Page-6), Theocracy or democracy (Page-20), Remembering 1971 (Page-36), Should we have nuclear weapons (Page-68), Poverty in pakistan (Page-74), Colonization of the hills (Page-116), Pakistani immigrants in the USA (Page-120), Schooling and world view (Page-142), The shadows of shantinagar (Page-156), The invisible Pakistanis (Page-168), The other side of English (Page-172), Child servants in Pakistan (Page-185), Annals of Insanity (Page-199), Nuclear Accidents (Page-204), Austerity for confidence building (Page-208), The rule of the digirati (Page-213), Why do we need free institutions (Page-219).
650 _aEducation and politics in Pakistan
_9107350
942 _2ddc
_cBK
_k370.95491,RAH
999 _c185987
_d185987